000 00770cam a22002771 4500
001 9753007
003 ARRUPE
005 20221116145108.0
008 910819s1947 nyu 000 0 ger
010 _a 47011653
028 _bArrupe
035 _a(OCoLC)25437500
040 _aDLC
_cCaSRU
_dOCoLC
_dDLC
042 _apremarc
050 0 0 _aB765.T54
_bO3
100 1 _aO'Connor, William R.,
_d1897-1974.
_951854
245 1 4 _aThe eternal quest.
250 _a[1st ed.]
260 _aNew York,
_bLongnmans, Green,
_c1947.
300 _aix, 290 p.
_c21 cm.
600 0 0 _aThomas,
_cAquinas, Saint,
_d1225?-1274.
650 0 _aGod
_xKnowableness
_9946
650 0 _aDesire
_951855
906 _a7
_bcbc
_coclcrpl
_du
_encip
_f19
_gy-gencatlg
942 _2lcc
_cMONOGRAPH
999 _c131526
_d131526